Algunas reflexiones sobre las gestaciones extrauterinas / (Record no. 158088)

MARC details
000 -LEADER
campo de control de longitud fija 00676nam a2200157 i 4500
001 - NÚMERO DE CONTROL
campo de control 158088
003 - IDENTIFICADOR DE NÚMERO DE CONTROL
campo de control ES-MaACL
005 - FECHA Y HORA DE LA ÚLTIMA TRANSACCIÓN
campo de control 20230906211013.0
008 - DATOS DE LONGITUD FIJA--INFORMACIÓN GENERAL
campo de control de longitud fija 020709s1885 sp |||| | spa d
040 ## - FUENTE DE CATALOGACIÓN
Centro catalogador/agencia de origen CCPB | B
Lengua de catalogación spa
Centro/agencia transcriptor CCPB | B
100 1# - ENTRADA PRINCIPAL--NOMBRE DE PERSONA
Nombre de persona López y Treviño, A.
9 (RLIN) 129248
245 10 - MENCIÓN DEL TÍTULO
Título Algunas reflexiones sobre las gestaciones extrauterinas /
Mención de responsabilidad, etc. por A. López y Treviño.
260 ## - PUBLICACIÓN, DISTRIBUCIÓN, ETC.
Lugar de publicación, distribución, etc. Madrid :
Nombre del editor, distribuidor, etc. [s.n.],
Fecha de publicación, distribución, etc. 1885 (
Fabricante establecimiento tipográfico de Enrique Teodoro)
300 ## - DESCRIPCIÓN FÍSICA
Extensión 54 p. ;
Dimensiones 22 cm.
852 ## - LOCALIZACIÓN
Ubicación ES-MaACL
Número de control de estantería T-371-F-3
Nota libre -- Enc. hol.
-- -- Dedicatoria ms. del autor a la biblioteca del Ateneo de Madrid
condición física -- Falto de la cub. original
Nota libre -- Enc. en un vol. facticio
Holdings
Estatus retirado Estado de pérdida Estado de daño No para préstamo Colección Biblioteca de origen Biblioteca actual Ubicación en estantería Fecha de adquisición Total de préstamos Signatura topográfica completa Código de barras Visto por última vez Precio de reemplazo Tipo de ítem Koha
        Colección de folletos Biblioteca del Ateneo de Madrid Biblioteca del Ateneo de Madrid Depósito folletos 17/01/2008   T-371-F-3 1165453 23/02/2023 23/02/2023 Folleto